Statistics for U.S. States that Border Canada

Click here to take the quiz!

General Stats

  • This quiz has been taken 49,623 times
    (49,350 since last reset)
  • The average score is 10 of 11

Answer Stats

State% Correct
Washington
98%
Michigan
93%
Maine
93%
North Dakota
92%
Montana
91%
New York
90%
Vermont
86%
Minnesota
85%
Idaho
82%
New Hampshire
80%
Alaska
67%

Score Distribution

Percentile by Number Answered

Percent of People with Each Score

Your Score History

You have not taken this quiz since the last reset